| 000 | 00566nam a22001937a 4500 | ||
|---|---|---|---|
| 003 | OSt | ||
| 005 | 20260427053355.0 | ||
| 008 | 260427b |||||||| |||| 00| 0 eng d | ||
| 020 | _a0-333-79216-5 | ||
| 040 |
_aDWC-Main lib _cOC |
||
| 082 | _aCirc. 808.042 Si64c 2001 | ||
| 100 | _aSingleton, John | ||
| 245 |
_aThe creative writing workbook / _cJohn Singleton |
||
| 260 |
_aNew York : _bPALGRAVE, _cc2001. |
||
| 300 |
_axi, 261 pages ; _c21 cm. |
||
| 650 | _a1. Authorship. | ||
| 650 | _a2. Creative writing. I. Title. | ||
| 942 |
_2ddc _cBK-CIRC _hCirc. _n0 |
||
| 999 |
_c9924 _d9924 |
||